[Event "HUN-chT2 Erkel 1213"]
[Site "Hungary"]
[Date "2013.02.17"]
[Round "7.11"]
[White "Kalmar, Karoly"]
[Black "Osgyani, Sandor"]
[Result "1-0"]
[WhiteElo "1899"]
[BlackElo "1842"]
[PlyCount "95"]
[EventDate "2012.09.16"]
[EventType "team-tourn"]
[EventRounds "11"]
[EventCountry "HUN"]
[SourceTitle "EXT 2014"]
[Source "ChessBase"]
[SourceDate "2013.11.20"]
[SourceVersion "1"]
[SourceVersionDate "2013.11.20"]
[SourceQuality "1"]
[WhiteTeam "Dunaharaszti"]
[BlackTeam "Paszto"]
[WhiteTeamCountry "HUN"]
[BlackTeamCountry "HUN"]

1. e4 c5 2. Nc3 a6 3. g3 e6 4. Bg2 Qc7 5. f4 d6 6. d3 Nc6 7. Nf3 Nf6 8. 0-0 Be7 9. Kh1 Bd7 10. h3 Rb8 11. g4 b5 12. e5 dxe5 13. fxe5 Nxe5 14. Nxe5 0-0 15. Nxd7 Nxd7 16. Bf4 Qb6 17. Bxb8 Qxb8 18. Ne4 f5 19. gxf5 exf5 20. Nd2 Qe5 21. c3 Bd6 22. Nf3 Qg3 23. Qe1 Qg6 24. d4 Re8 25. Qd2 Nf6 26. Qg5 Qxg5 27. Nxg5 h6 28. Nf3 Ne4 29. Rfe1 Ng3+ 30. Kh2 Nf1+ 31. Kg1 Ne3 32. Ne5 Bxe5 33. dxe5 Rxe5 34. Re2 f4 35. Rd1 f3 36. Rd8+ Kf7 37. Bxf3 Ke7 38. Rd3 Nc4 39. Rxe5+ Nxe5 40. Re3 Kf6 41. Bb7 a5 42. Ba6 b4 43. Bb5 Kf5 44. Kf2 g5 45. Be8 Nc4 46. Re2 Nd6 47. Kf3 c4 48. Bd7+ 1-0

[Event "HUN-chT2 Erkel 1213"]
[Site "Hungary"]
[Date "2013.01.27"]
[Round "6.12"]
[White "Kalmar, Karoly"]
[Black "Fodor, Balazs"]
[Result "1-0"]
[WhiteElo "1899"]
[BlackElo "1802"]
[PlyCount "51"]
[EventDate "2012.09.16"]
[EventType "team-tourn"]
[EventRounds "11"]
[EventCountry "HUN"]
[SourceTitle "EXT 2014"]
[Source "ChessBase"]
[SourceDate "2013.11.20"]
[SourceVersion "1"]
[SourceVersionDate "2013.11.20"]
[SourceQuality "1"]
[WhiteTeam "Dunaharaszti"]
[BlackTeam "Nagykata"]
[WhiteTeamCountry "HUN"]
[BlackTeamCountry "HUN"]

1. e4 c6 2. d4 d5 3. exd5 cxd5 4. c4 Nf6 5. Nc3 Bf5 6. Nf3 e6 7. Qb3 Qb6 8. c5 Qxb3 9. axb3 Nc6 10. Bb5 Nd7 11. 0-0 f6 12. Bxc6 bxc6 13. Bf4 g5 14. Bc7 Be7 15. Rfe1 Kf7 16. b4 Rhc8 17. Bg3 Bg6 18. b5 f5 19. Ne5+ Nxe5 20. Bxe5 Bf6 21. Ra6 Bd8 22. b4 Bc7 23. Bxc7 Rxc7 24. b6 Rd7 25. b5 cxb5 26. Nxb5 1-0

[Event "Budapest op 08"]
[Site "Budapest"]
[Date "2012.08.21"]
[Round "4"]
[White "Kalmar, Karoly"]
[Black "Yip, Michael"]
[Result "0-1"]
[WhiteElo "1920"]
[BlackElo "2072"]
[PlyCount "134"]
[EventDate "2012.08.18"]
[EventType "swiss"]
[EventRounds "9"]
[EventCountry "HUN"]
[SourceTitle "EXT 2014"]
[Source "ChessBase"]
[SourceDate "2013.11.20"]
[SourceVersion "1"]
[SourceVersionDate "2013.11.20"]
[SourceQuality "1"]

1. e4 d6 2. d4 Nf6 3. Nd2 g6 4. Ngf3 Bg7 5. c3 0-0 6. Qc2 c5 7. dxc5 dxc5 8. Be2 Nc6 9. 0-0 Qc7 10. Re1 h6 11. Nf1 b6 12. Ne3 Be6 13. b3 Rfd8 14. Bb2 Ng4 15. Nxg4 Bxg4 16. Rad1 Be6 17. Nd2 Na5 18. Nf1 Rxd1 19. Rxd1 Rd8 20. Ne3 Nc6 21. g3 Rxd1+ 22. Bxd1 Bc8 23. f4 e5 24. Nd5 Qd8 25. Qf2 Be6 26. Bf3 Qd7 27. Qe2 exf4 28. gxf4 Bxd5 29. exd5 Ne7 30. c4 Bxb2 31. Qxb2 Nc8 32. Qe2 h5 33. Qe5 Nd6 34. Qg5 Kh7 35. Qe5 Qd8 36. Qg5 f6 37. Qg2 Qe7 38. Qd2 Kg7 39. Kf2 Nf5 40. Qd3 Nd6 41. Bg2 g5 42. Qd2 g4 43. Qd3 h4 44. a3 f5 45. b4 Qf6 46. bxc5 bxc5 47. Qe3 Qb2+ 48. Kg1 Qb1+ 49. Kf2 Qc2+ 50. Kg1 Ne4 51. Bf1 Qd1 52. Qd3 Qxd3 53. Bxd3 Nd6 54. Kg2 h3+ 55. Kg1 Kf6 56. Kf1 Ke7 57. Kg1 Kd7 58. Kf2 Kc7 59. Kg3 Kb6 60. Kh4 Ka5 61. Bxf5 Nxf5+ 62. Kxg4 Ne3+ 63. Kxh3 Nxc4 64. Kg4 Nd6 65. f5 c4 66. Kf4 c3 67. Ke3 Ka4 0-1

[Event "Budapest op 08"]
[Site "Budapest"]
[Date "2012.08.18"]
[Round "1"]
[White "Romhanyi, Mihaly"]
[Black "Kalmar, Karoly"]
[Result "1-0"]
[WhiteElo "1455"]
[BlackElo "1920"]
[PlyCount "57"]
[EventDate "2012.08.18"]
[EventType "swiss"]
[EventRounds "9"]
[EventCountry "HUN"]
[SourceTitle "EXT 2014"]
[Source "ChessBase"]
[SourceDate "2013.11.20"]
[SourceVersion "1"]
[SourceVersionDate "2013.11.20"]
[SourceQuality "1"]

1. e4 c5 2. c3 d5 3. exd5 Qxd5 4. Nf3 e5 5. Na3 a6 6. Bc4 Qd6 7. d4 exd4 8. 0-0 Be7 9. Qb3 Nc6 10. Bxf7+ Kf8 11. Bh5 Be6 12. c4 g6 13. Qxb7 Ra7 14. Qb3 Nf6 15. Bh6+ Ke8 16. Rfe1 Kd7 17. Bg7 Rb8 18. Qa4 Kc7 19. Ng5 Bg8 20. Bf3 Bd8 21. Bxf6 Bxf6 22. Ne4 Rb4 23. Qxb4 Nxb4 24. Nxd6 Kxd6 25. Re8 Bf7 26. Rb8 d3 27. Rb6+ Ke5 28. Re1+ Kf5 29. g4+ 1-0

[Event "Budapest op 1st"]
[Site "Budapest"]
[Date "2011.08.26"]
[Round "7"]
[White "Kalmar, Karoly"]
[Black "Szoukup, Istvan"]
[Result "1/2-1/2"]
[WhiteElo "2023"]
[BlackElo "1825"]
[PlyCount "46"]
[EventDate "2011.08.20"]
[EventType "swiss"]
[EventRounds "9"]
[EventCountry "HUN"]
[SourceTitle "EXT 2022"]
[Source "ChessBase"]
[SourceDate "2021.10.06"]
[SourceVersion "1"]
[SourceVersionDate "2021.10.06"]
[SourceQuality "1"]

1. e4 e5 2. Nf3 Nc6 3. Be2 Nf6 4. d3 d5 5. Nbd2 Be7 6. 0-0 0-0 7. c3 a5 8. a4 b6 9. Qc2 Ba6 10. Re1 dxe4 11. dxe4 Bxe2 12. Rxe2 Qd7 13. Nf1 Rad8 14. Rd2 Qg4 15. Ng3 Rxd2 16. Bxd2 Rd8 17. Re1 Qd7 18. h3 Qd3 19. Qb3 Nd4 20. Nxd4 Rxd4 21. Re3 Qb1+ 22. Re1 Qd3 23. Re3 Qb1+ 1/2-1/2

[Event "Budapest op 1st"]
[Site "Budapest"]
[Date "2011.08.21"]
[Round "2"]
[White "Yip, Michael"]
[Black "Kalmar, Karoly"]
[Result "1-0"]
[WhiteElo "1982"]
[BlackElo "2023"]
[PlyCount "73"]
[EventDate "2011.08.20"]
[EventType "swiss"]
[EventRounds "9"]
[EventCountry "HUN"]
[SourceTitle "EXT 2022"]
[Source "ChessBase"]
[SourceDate "2021.10.06"]
[SourceVersion "1"]
[SourceVersionDate "2021.10.06"]
[SourceQuality "1"]

1. Nf3 d5 2. d4 Nf6 3. c4 dxc4 4. e3 e6 5. Bxc4 a6 6. 0-0 c5 7. Bb3 Nc6 8. Qe2 b5 9. dxc5 Bxc5 10. e4 Qc7 11. Bg5 Ng4 12. g3 Bb7 13. a4 b4 14. Kg2 Nge5 15. Nbd2 Ng6 16. Rac1 Qb6 17. Nc4 Qa7 18. h4 h6 19. h5 Nge7 20. Bf4 0-0 21. Nd6 Bxd6 22. Bxd6 Rfd8 23. Bc5 Qb8 24. Rfd1 Rxd1 25. Rxd1 Qc7 26. Qe3 Re8 27. Bb6 Qb8 28. Rd7 Nc8 29. Bc7 Qa8 30. g4 N6e7 31. Bc2 Bc6 32. Rd4 Qb7 33. Ba5 Qa7 34. Qd3 f6 35. Bb3 Kf7 36. Qc4 Bd7 37. Bc7 1-0

[Event "Budapest FS07 FM-A"]
[Site "Budapest"]
[Date "2010.07.12"]
[Round "10"]
[White "Kalmar, Karoly"]
[Black "Koczo, Kristof"]
[Result "1/2-1/2"]
[WhiteElo "1993"]
[BlackElo "2198"]
[PlyCount "57"]
[EventDate "2010.07.03"]
[EventType "tourn"]
[EventRounds "11"]
[EventCountry "HUN"]
[SourceTitle "CBM 137 Extra"]
[Source "ChessBase"]
[SourceDate "2010.09.01"]
[SourceVersion "1"]
[SourceVersionDate "2010.09.01"]
[SourceQuality "1"]

1. d4 d5 2. Nf3 Nf6 3. c4 c6 4. e3 Bf5 5. Nc3 e6 6. Bd3 Bxd3 7. Qxd3 Nbd7 8. 0-0 Be7 9. e4 dxe4 10. Nxe4 Nxe4 11. Qxe4 Nf6 12. Qe2 0-0 13. Bf4 Qa5 14. Rfd1 Qh5 15. Qe5 Rfd8 16. Qxh5 Nxh5 17. Be3 Nf6 18. h3 h6 19. Rd3 Bd6 20. Rad1 b5 21. b3 bxc4 22. bxc4 Rab8 23. Ne5 Rdc8 24. Rb3 a5 25. Rdb1 Bxe5 26. dxe5 Nd7 27. f4 Rxb3 28. Rxb3 Rb8 29. Kf2 1/2-1/2

[Event "Budapest FS07 FM-A"]
[Site "Budapest"]
[Date "2010.07.04"]
[Round "2"]
[White "Mayer, Istvan"]
[Black "Kalmar, Karoly"]
[Result "1-0"]
[WhiteElo "2120"]
[BlackElo "1993"]
[PlyCount "78"]
[EventDate "2010.07.03"]
[EventType "tourn"]
[EventRounds "11"]
[EventCountry "HUN"]
[SourceTitle "CBM 137 Extra"]
[Source "ChessBase"]
[SourceDate "2010.09.01"]
[SourceVersion "1"]
[SourceVersionDate "2010.09.01"]
[SourceQuality "1"]

1. e4 c6 2. c4 d5 3. exd5 cxd5 4. cxd5 Nf6 5. Bb5+ Nbd7 6. Nc3 g6 7. Nf3 Bg7 8. Ne5 0-0 9. Nxd7 Bxd7 10. Qb3 a6 11. Be2 Qc7 12. 0-0 Rad8 13. d3 Bg4 14. Re1 Bxe2 15. Rxe2 Rd7 16. Bg5 h6 17. Bh4 Qc5 18. Qc4 Rc8 19. Qa4 g5 20. Bg3 Rcd8 21. d4 Qc8 22. Rae1 b5 23. Qb3 Qb7 24. d6 exd6 25. h4 d5 26. hxg5 hxg5 27. Re5 Nh7 28. Re8+ Rxe8 29. Rxe8+ Nf8 30. Be5 Bxe5 31. Rxe5 Ne6 32. Nxd5 Kg7 33. Qf3 Qc6 34. Qf6+ Kh7 35. Re3 g4 36. Qh4+ Kg7 37. Qxg4+ Kf8 38. Nf6 Rxd4 39. Nh7+ Ke7 1-0

[Event "HUN-chT2 Erkel 0708"]
[Site "Hungary"]
[Date "2008.04.27"]
[Round "10"]
[White "Reznak, Attila"]
[Black "Kalmar, Karoly"]
[Result "1-0"]
[WhiteElo "2023"]
[BlackElo "2004"]
[PlyCount "79"]
[EventDate "2007.10.14"]
[EventType "team"]
[EventRounds "11"]
[EventCountry "HUN"]
[SourceTitle "EXT 2009"]
[Source "ChessBase"]
[SourceDate "2008.11.26"]
[SourceVersion "1"]
[SourceVersionDate "2008.11.26"]
[SourceQuality "1"]
[WhiteTeam "Godollo"]
[BlackTeam "Dunaharaszti II"]
[WhiteTeamCountry "HUN"]
[BlackTeamCountry "HUN"]

1. e4 c5 2. Nc3 Nc6 3. d3 g6 4. g3 Bg7 5. Bg2 e6 6. Be3 d6 7. Qd2 a6 8. Nf3 Nd4 9. 0-0 Qc7 10. Rab1 Rb8 11. Ne2 Nxe2+ 12. Qxe2 Ne7 13. d4 0-0 14. h4 Bd7 15. Rfe1 e5 16. dxc5 dxc5 17. Red1 Bg4 18. Rd2 Rfd8 19. Rxd8+ Rxd8 20. Qc4 b6 21. b4 Nc6 22. bxc5 b5 23. Qc3 Nd4 24. Bxd4 exd4 25. Qa3 Bc8 26. Nd2 Bf8 27. Nb3 d3 28. cxd3 Rxd3 29. Rc1 Qd8 30. Qb2 Bh6 31. Re1 Bb7 32. Qc2 b4 33. Qc4 Bc8 34. Qxb4 Bg7 35. Qb8 Rd1 36. Rxd1 Qxd1+ 37. Kh2 Qd7 38. e5 Qf5 39. f4 Bf8 40. c6 1-0

[Event "HUN-chT2 Erkel 0708"]
[Site "Hungary"]
[Date "2007.11.25"]
[Round "3"]
[White "Zala, Gyula"]
[Black "Kalmar, Karoly"]
[Result "0-1"]
[WhiteElo "2110"]
[BlackElo "2004"]
[PlyCount "80"]
[EventDate "2007.10.14"]
[EventType "team"]
[EventRounds "11"]
[EventCountry "HUN"]
[SourceTitle "EXT 2009"]
[Source "ChessBase"]
[SourceDate "2008.11.26"]
[SourceVersion "1"]
[SourceVersionDate "2008.11.26"]
[SourceQuality "1"]
[WhiteTeam "Vaci"]
[BlackTeam "Dunaharaszti II"]
[WhiteTeamCountry "HUN"]
[BlackTeamCountry "HUN"]

1. e4 c6 2. d4 d5 3. f3 dxe4 4. fxe4 e5 5. Nf3 exd4 6. Bc4 Be6 7. Bxe6 fxe6 8. 0-0 c5 9. Qe1 Nc6 10. Qg3 e5 11. Nxe5 Nxe5 12. Qxe5+ Qe7 13. Qg3 Qe6 14. Bg5 Be7 15. Bxe7 Qxe7 16. Nd2 Nh6 17. Rae1 Rf8 18. Qh3 Kd8 19. Rxf8+ Qxf8 20. Rf1 Qe7 21. Qf3 Kc7 22. Qf4+ Kd7 23. Nc4 Re8 24. e5 Qe6 25. Nd6 Re7 26. Re1 Kc6 27. Qf3+ Qd5 28. Re4 Nf7 29. Nxf7 Rxf7 30. Qg4 Re7 31. e6 g6 32. b3 Qf5 33. Qh4 Rxe6 34. Rf4 Qxc2 35. h3 Qc1+ 36. Kh2 Qe3 37. Qg4 Qe5 38. h4 h6 39. Qf3+ Kb6 40. Kh3 Qe3 0-1